| 000 | 01039cam a2200217 4500 | ||
|---|---|---|---|
| 001 | WB3912-02 | ||
| 008 | 030325n2003 000 0 eng u | ||
| 035 | _a(Sirsi) u121735 | ||
| 245 | _aNew production information code | ||
| 260 | _c2003 | ||
| 490 |
_aRICS Building Surveying Faculty News _v 20 March 2003 (1) |
||
| 520 | _aThe "Code of practice for production information" will provide guidance to practitioners on using CAD systems to improve production information. Previous work by BRE identified incomplete and inadequate production information as the largest single cause of inefficiency in the construction process. The Code is expected to be on sale by the end of April. http://www.rics.org/ricscms/bin/show?class=News&template=/includes/shownews.html&id=5242 | ||
| 590 | _aWB | ||
| 650 | _aCAD SYSTEMS | ||
| 650 | _aPRODUCTION INFORMATION | ||
| 650 | _aCONSTRUCTION INDUSTRY | ||
| 650 | _aBUILT ENVIRONMENT-BUILDING CONTRACT FORMS | ||
| 650 | _aCODE OF PRACTICE | ||
| 690 | _aBUILT ENVIRONMENT | ||
| 942 | _n0 | ||
| 999 |
_c72349 _d72349 |
||